| 000 | 00425nam a22001577a 4500 | ||
|---|---|---|---|
| 999 |
_c11840 _d11840 |
||
| 008 | 210112b ||||| |||| 00| 0 eng d | ||
| 020 | _a0631191941 | ||
| 082 | 0 | 0 |
_a658.84 _bC75215 |
| 100 |
_94133 _aConlan, James |
||
| 245 | 1 | 0 |
_aPrinciples of management in export / _cby James Conlan |
| 250 | _a1st ed. | ||
| 260 |
_aOxford: _bBlackwell, _c1994. |
||
| 300 | _axxiii, 325 p. | ||
| 650 | 0 | _aExports Management | |
| 942 | _cBK | ||